O destino do tigre/ (Record no. 497)

MARC details
000 -LÍDER
campo de controle de tamanho fixo 01741nam a22003134a 4500
001 - NÚMERO DE CONTROLE
campo de controle 497
003 - IDENTIFICADOR DO NÚMERO DE CONTROLE
campo de controle BR-IBIA
005 - DATA E HORÁRIO DA ÚLTIMA TRANSAÇÃO
campo de controle 20260129100700.0
008 - CAMPO DE DADOS FIXOS--INFORMAÇÃO GERAL
campo de controle de tamanho fixo 140909s2013 bl g 000 f por
020 ## - ISBN - INTERNATIONAL STANDARD BOOK NUMBER
ISBN - International Standard Book Number 9788580411386
040 ## - FONTE DA CATALOGAÇÃO
Idioma da catalogação por
041 1# - CÓDIGO DE IDIOMA
Código do idioma do texto/trilha sonora ou título diferente por
Código do idioma do original e/ou traduções intermediárias do texto eng
082 04 - CDD - CLASSIFICAÇÃO DECIMAL DE DEWEY
Número de Classificação 813
Número do exemplar H835d
100 1# - ENTRADA PRINCIPAL--NOME PESSOAL
Nome pessoal Houck, Colleen,
Datas associadas ao nome 1969-
9 (RLIN) 1066
240 04 - TÍTULO UNIFORME
Título uniforme Tiger's destiny.
245 12 - TÍTULO
Título O destino do tigre/
Indicação de responsabilidade, etc. Colleen Houck ; [tradução de Raquel Zampil]
260 ## - PUBLICAÇÃO, DISTRIBUIÇÃO, ETC.
Local de publicação, distribuição, etc. São Paulo:
Nome do editor, distribuidor, etc. Arqueiro,
Data da publicação, distribuição, etc. 2013.
300 ## - DESCRIÇÃO FÍSICA
Extensão 395p. ;
500 ## - NOTA GERAL
Nota geral <br/><br/>
520 ## - NOTA DE RESUMO, ETC.
Resumo, etc. Em sua terceira busca, a jovem Kelsey Hayes e seus tigres precisam vencer desafios incríveis propostos por cinco dragões míticos. O elemento comum é a água, e o cenário de mar aberto obriga Kelsey a enfrentar seus piores temores. Dessa vez, sua missão é encontrar o Colar de Pérolas Negras de Durga e tentar libertar seu amado Ren tanto da maldição do tigre quanto de sua repentina amnésia. No entanto o irmão dele, Kishan, tem outros planos, e os dois competem por sua afeição, além de afastarem aqueles que planejam frustrar seus objetivos. Em A viagem do tigre, terceiro volume da série A maldição do tigre, Kelsey, Ren e Kishan retomam a jornada em direção ao seu verdadeiro destino numa história com muito suspense, criaturas encantadas, corações partidos e ação de primeira. A épica saga dos tigres já foi lançada em 18 países e ocupou os primeiros lugares na lista dos mais vendidos do The New York Times.<br/>
650 00 - ASSUNTO--TERMO TÓPICO
Cabeçalho tópico ou nome geográfico Literatura Americana
9 (RLIN) 84
650 00 - ASSUNTO--TERMO TÓPICO
Cabeçalho tópico ou nome geográfico Fantasia
9 (RLIN) 45
650 00 - ASSUNTO--TERMO TÓPICO
Cabeçalho tópico ou nome geográfico Aventura
9 (RLIN) 47
650 00 - ASSUNTO--TERMO TÓPICO
Cabeçalho tópico ou nome geográfico Magia
9 (RLIN) 785
655 ## - TERMO DE ÍNDICE--GÊNERO E FORMA
Gênero/forma/ou termo foco Romance
655 ## - TERMO DE ÍNDICE--GÊNERO E FORMA
Gênero/forma/ou termo foco Ficção
700 ## - ENTRADA ADICIONADA - NOME PESSOAL
Nome pessoal Zampil, Raquel
Função do autor por extenso TRADUTORA
9 (RLIN) 898
942 ## - ELEMENTOS DE ENTRADA ADICIONADOS (KOHA)
Fonte de classificação ou esquema de arquivamento Classificação decimal de Dewey
Ocultar no OPAC Não
Tipo de material Koha Livros
Holdings
Situação do descarte Situação das perdas Fonte de classificação ou esquema de arquivamento Status danificado Não pode ser emprestado Coleção Biblioteca de origem Biblioteca atual Localização na estante Data de aquisição Fonte de aquisição Total de empréstimos Número de chamada completo Código de barras Data de último acesso Data do preço efetivo Tipo de material Koha
    Classificação decimal de Dewey     Ficção Biblioteca Professor Eduardo Afonso de Castro Biblioteca Professor Eduardo Afonso de Castro Literatura Estrangeira 29.01.2026 doação   813 / H835d 2026-17431 29.01.2026 29.01.2026 Livros

Powered by Koha